{"text_format":"3","workbook":"xlsx","n_sheets":1,"sheets":["Sheet1"],"read":"whole","date_system":"1900"}

{"sheet":"Sheet1","index":0,"n_rows":55,"n_cols":12,"rows_kept":55,"merged":[[0,0,1,11],[2,0,2,8],[2,9,2,11],[4,10,14,10],[4,11,14,11],[15,10,38,10],[15,11,38,11],[39,10,42,10],[39,11,42,11],[43,10,48,10],[44,9,45,9],[44,11,46,11],[47,9,48,9],[47,11,48,11],[49,10,53,10],[49,11,53,11]]}
["连云港市华茂绿化工程有限公司3月份月度计划物资采购询价报价单"]
[]
["拟采购计划（申购单位填写）",{"$nulls":8},"（实际采购情况）采购单位填写"]
["序号","物品\n名称","规格\n型号","单位","数量","控制单价（元）","控制总价\n（元）","单价（含运费、增值税专票）（元）","总价（含运费、增值税专票）\n（元)","备注","单位","联系人电话"]
[1,"大锤","20磅","把",1,70,{"$f":"E5*F5","v":70},{"$nulls":3},"养殖","伏广波\n17768489922"]
[2,"轴承润滑脂（轴承专用润滑油）","580度（1公斤）","盒",1,50,50]
[3,"梅花扳手",24,"把",1,12,12]
[4,"梅花扳手",27,"把",1,12,12]
[5,"开口扳手","8寸","把",2,22,44]
[6,"直扁撬棍","20毫米*1.15米","根",1,50,50]
[7,"高压气筒",null,"个",1,30,30]
[8,"一面胶手套",null,"副",50,2,100]
[9,"带线多孔插排","10*5孔10A","个",1,90,90,null,null,"带开关，线长1.8米"]
[10,"带线多孔插排","6*5孔10A","个",2,70,140,null,null,"带开关，线长1.8米"]
[11,"老虎钳","8寸","把",1,30,30]
[12,"平板拖把","伸缩型","把",5,30,150,{"$nulls":3},"大浦","任文静\n15161342669"]
[13,"黑色垃圾袋","10个/卷","卷",20,10,{"$f":"E17*F17","v":200}]
[14,"黑色塑料垃圾袋","1米*1.2","个",400,0.6,240]
[15,"黑色塑料垃圾袋","80公分*60","个",200,0.3,60]
[16,"洁厕液","威猛/500克","瓶",20,10,200]
[17,"洗手液",null,"瓶",5,10,50]
[18,"草酸",null,"瓶",10,15,{"$f":"E22*F22","v":150}]
[19,"插排","5米长/蓝白四开关","个",4,30,120]
[20,"洗衣粉","大袋","袋",10,16,160]
[21,"长毛拖把",null,"把",5,15,75]
[22,"平板拖把","可拆洗","把",5,25,125]
[23,"防过充断电插座","GN-D1010","个",5,60,300]
[24,"地刮",null,"把",3,30,90]
[25,"垃圾包","黄色布料","个",10,8,80]
[26,"冷不丁",null,"盒",2,20,40]
[27,"透明皂",null,"块",5,10,{"$f":"E31*F31","v":50}]
[28,"肥皂",null,"块",10,10,100]
[29,"一次性口罩",null,"个",600,1.5,900]
[30,"牛筋乳胶手套",null,"付",50,15,750]
[31,"打药防护面罩",null,"个",50,20,1000]
[32,"高压冲洗车充电器",null,"个",2,100,200]
[33,"2平方护套线",null,"米",40,5,200]
[34,"空开",null,"个",2,50,100]
[35,"配电盒",null,"个",1,80,80]
[36,"合页",null,"个",3,6,18,{"$nulls":3},"环卫","将陈\n15951259789"]
[37,"消防水带","50#","卷",180,1,180]
[38,"钢丝管",55,"米",20,11,220]
[39,"塑料管","32#","卷",240,1,240]
[40,"路锥皮",null,"个",100,0.7,{"$f":"F44*E44","v":70},null,null,"绿地片区","绿化","孙银\n13305135052"]
[41,"小扫帚",null,"把",4,20,{"$f":"F45*E45","v":80},null,null,"久和片区",null,"金华\n15150932788"]
[42,"防水涂料",null,"桶",3,280,{"$f":"F46*E46","v":840}]
[43,"柴油机机油",null,"桶",1,300,{"$f":"F47*E47","v":300},null,null,"工程项目部"]
[44,"取水器",25,"个",30,20,{"$f":"SUM(E48*F48)","v":600},null,null,"水管维修",null,"尤金\n15366660107"]
[45,"马锯",null,"把",1,500,500]
[46,"铝芯电缆（不带铠）","4*25","米",300,15,{"$f":"E50*F50","v":4500},null,null,"上元公司路灯班组","翔立","伏胜永\n18651736020"]
[47,"2号电池","1.5v","节",2,4,8,null,null,"上元公司路灯班组"]
[48,"可兰素",null,"桶",4,85,{"$f":"F52*E52","v":340},null,null,"上元公司路灯班组"]
[49,"7号电池",null,"块",5,4,20,null,null,"上元公司路灯班组"]
[50,"保险丝","6a","个",200,0.5,{"$f":"E54*F54","v":100},null,null,"上元公司路灯班组"]
[51,"合计",{"$nulls":4},{"$f":"SUM(G5:G54)","v":14064}]